Možnosti financovania potrieb mladých ľudí prostredníctvom produktov komerčných bánk diplomová práca

Uložené v:
Podrobná bibliografia
Hlavný autor: Babinská, Jana
Korporativný autor: Národohospodárska fakulta EU. Katedra bankovníctva a medzinárodných financií
Ďalší autori: Tkáčová, Daniela, 1954-
Médium: Kniha
Jazyk:Slovak
Vydavateľské údaje: Bratislava 2018
Tagy: Pridať tag
Žiadne tagy, Buďte prvý, kto otaguje tento záznam!

MARC

LEADER 00000nbm a2200000 4500
001 0244250
005 20181113142040.5
041 0 |a slo 
044 |a SK 
245 1 0 |a Možnosti financovania potrieb mladých ľudí prostredníctvom produktov komerčných bánk  |b diplomová práca  |c Jana Babinská ; školiteľ: Daniela Tkáčová 
264 1 |a Bratislava  |c 2018 
300 |a 75 s. 
100 1 |a Babinská, Jana 
700 1 |a Tkáčová, Daniela, 1954- 
710 2 |a Národohospodárska fakulta EU. Katedra bankovníctva a medzinárodných financií